10 größte Städte Belgien - Statistiken

Allgemein
  • Dieses Quiz wurde 43 mal gespielt
  • Das Durchschnittsergebnis liegt bei 6 aus 10
Antwortstatistiken
Einwohner Antwort % Korrekt
562.000 Antwerpen
100%
198.000 Brüssel
97%
273.000 Gent
92%
120.000 Brügge
76%
197.000 Lüttich
70%
206.000 Charleroi
62%
129.000 Anderlecht
51%
105.000 Löwen
35%
115.000 Namur
30%
130.000 Schaerbeek
19%
Keine übereinstimmenden Quizze gefunden
Verteilung der Resultate
Anzahl Personen mit jedem Resultat
Perzentil nach korrekt beantworteten Fragen
Ihre Resultats-Entwicklung
Sie haben dieses Quiz noch nicht gespielt